|
|
|
|
| LEADER |
00000nam a2200000 a 4500 |
| 001 |
vtls001308920 |
| 003 |
SK-MaSNL |
| 005 |
20260224021207.0 |
| 008 |
251124s1954 HR 0 fre |
| 035 |
|
|
|a SNK000261241
|
| 040 |
|
|
|a SNK
|b slo
|c SNK
|e AACR2
|
| 044 |
|
|
|a HR
|
| 245 |
1 |
|
|a Les bibliotheques Yougoslaves
|
| 260 |
|
|
|a Zagreb
|b Union des Associations de Bibliothécaires de la R.P.F. de Yougoslavie
|c 1954
|
| 300 |
|
|
|a 61, [1] s., [8] s. obr. príl.
|c 8°
|
| 999 |
|
|
|c 802575
|d 804505
|
| 952 |
|
|
|t P60, <04>, [BOOK], {604}
|a SNK
|b SNK
|y VYP
|7 0
|o snkID 16383
|i snk2071/57
|0 0
|1 0
|4 0
|d 1997-11-04
|l 0
|r 2005-01-02 00:00:00
|w 2026-02-24
|
| 952 |
|
|
|a SNK
|b SNK
|y NEVYP
|7 0
|p 17A0106015
|o snkID 16383 D1
|i snkKIV 172/56
|8 2
|0 0
|1 1
|4 0
|d 1997-11-07
|l 0
|r 2005-01-02 00:00:00
|w 2026-02-24
|